000 01074nam0a22002891 4500
001 rc\4040063
005 20130415140226.0
021 _aRU
_b[55-2626]
035 _a(NLR Aleph) 008098586
090 _a9229414
_c9229414
100 _a20130415d1954 |||y0rusy50 ca
101 0 _arus
102 _aRU
105 _aa z |||||
200 1 _aПланы уроков по арифметике в V классе
_eПособие для учителей
210 _aМосква
_cУчпедгиз
_d1954
215 _a148 с.
_cчерт.
_d22
300 _aПеред загл. авт.: Н.Я. Зайцева, А.И. Зыкус, А.Н. Эрастова
606 _aАрифметика
_jМетодические пособия
_2psbo
700 1 _aЗайцева
_bН. Я.
_gНина Яковлевна
701 1 _aЗыкус
_bА. И.
_gАлександра Ивановна
701 1 _aЭрастова
_bА. Н.
_gАнна Николаевна
801 0 _aRU
_bNLR
_gpsbo
801 1 _aRU
_bELAR
_2rusmarc
852 _aNLR
_jПр20 Г-5/629
942 _cBOOK
980 _aNB